Normal view
MARC view
- WIRTZ.ROBERT W ect
Entry Personal Name
001 - CONTROL NUMBER
- control field: 5830
003 - CONTROL NUMBER IDENTIFIER
- control field: JO-AjAnu
005 - DATE AND TIME OF LATEST TRANSACTION
- control field: 20230606071240.0
008 - FIXED-LENGTH DATA ELEMENTS
- fixed length control field: 230606|| aca||aabn | a|a d
040 ## - CATALOGING SOURCE
- Original cataloging agency: JO-AjAnu
- Transcribing agency: JO-AjAnu
100 ## - HEADING--PERSONAL NAME
- Personal name: WIRTZ.ROBERT W ect
670 ## - SOURCE DATA FOUND
- Source citation: Work cat.: (JO-AjAnu)3021: WIRTZ.ROBERT W ect, author, Teacher,s Guide Math workshop